MDQL
is popping MORE tags! Check the
thread
!
Quizzes
Events
Quiz Creation
Community
Videos
Private Events
Remove Ads
Sign In
Join for FREE
Feedback
Dark Mode
Quiz Categories
Sports
Geography
Music
Movies
Television
Just For Fun
Miscellaneous
History
Literature
Language
Science
Gaming
Entertainment
Religion
Holiday
For Kids
Quiz Lab
Recent
Popular Today
Quiz Kudos Today
Editor Picks
Curator Picks
Quizzes by...
Day
Popularity
Type
Ratings
Length
Year
Community
Subscriptions
Recent Discussions
Orange Saloon
Badges
Playlists
Quests
Create
Leaderboards
Showdown
Live 5
Trivia Bingo
Activity
Puzzle Library
Sporcle Events
Private Events
Virtual Trivia
Globe League
Become a Host
Pub Owners
SporcleCon
Opinionation
Our Games
Videos
Blog
Mobile Apps
Partnerships
Remove Ads and Go Orange
Feedback
Sports
Athletes
MLB
NBA
NHL
NFL
Soccer
Sports Teams
WWE
NCAA
Football
Premier League
Basketball
Baseball
Hockey
Golf
Tennis
Cricket
Rugby
Auto Racing
Olympics
World Cup
Sports
Athletes
MLB
NBA
NHL
NFL
Soccer
Sports Teams
WWE
NCAA
Football
Premier League
Basketball
Baseball
Hockey
Golf
Tennis
Cricket
Rugby
Auto Racing
Olympics
World Cup
Random Quiz
Search Sporcle
×
Quiz Lab
Quiz Lab
Sports
NHL
Type in answers that appear in a list
Type in answers that appear in a list
Classic
Best Score? Go Orange.
Nhl scoring leaders 81-82 Stats
Can you name the nhl scoring leaders 81-82?
By
cheffrey
10m
30 Questions
150 Plays
150 Plays
150 Plays
Comments
Comments
Give Quiz Kudos
Give Quiz Kudos
-
- Ratings
hide this ad
Replay
Link that replays current quiz
Next Quiz
Link to next quiz in quiz playlist
You Got
0%
They Got
Avg Score
68%
Avg Friend Score
Upgrade to see
Score Distribution
Jump to the score distribution portion of the page
Score
0/30
Timer
10:00
0
Plays Today
team
player name
% Correct
oilers
Wayne Gretzky
100%
islanders
Mike Bossy
100%
islanders
Bryan Trottier
97.3%
nordiques
Peter Stastny
94.7%
kings
Marcel Dionne
94%
nordiques
Marion Stastny
92.7%
oilers
Mark Messier
92.7%
jets
Dale Hawerchuk
91.3%
blackhawks
Denis Savard
90.7%
oilers
Glenn Anderson
87.3%
oilers
Paul Coffey
83.3%
north stars
Bobby Smith
77.3%
kings
Dave Taylor
76.7%
blues
Bernie Federko
75.3%
north stars
Dino Ciccarelli
74%
team
player name
% Correct
capitals
Dennis Maruk
73.3%
bruins
Rick Middleton
69.3%
flyers
Brian Propp
66.7%
flyers
Bill Barber
64.7%
north stars
Neal Broten
64%
leafs
Rick Vaive
55.3%
whalers
Blaine Stoughton
52.7%
islanders
John Tonelli
52%
bruins
Barry Pederson
47.3%
rangers
Mike Rogers
45.3%
nordiques
Real Cloutier
36%
flyers
Ken Linseman
30.7%
jets
Eugene Lukowich
23.3%
capitals
Ryan Walter
18.7%
canadiens
Keith Acton
16.7%
Quiz Playlist
Details
Report
Send in Message
Add To Playlist
Classic:
Type in answers that appear in a list
Last Updated: Feb 16, 2017
Quiz Scoreboard
CHALLENGE
Sign Up to Join the Scoreboard
Show All
Scores
Hide
Comments
May contain spoilers
Recently Published
Find the 'City' Movie
by crazypaving
Movies
60s
5x2 Blitz: Bands
by SL_Kpop136
Music
30s
Colored Red Africa Blitz
by spor1
Geography
30s
More to Explore
Quiz From the Vault
Featured Blog Post
14 Easter Pick-up Lines to Find Eggs With
hide this ad
You Might Also Like...
Tags
NHL Quiz
Player
point
Scoring
team
Today's Top Quizzes in Sports
Browse Sports
hide this ad
Today's Top Quizzes in NHL
Browse NHL
Top Contributed Quizzes in Sports
1
Players with Multiple 50 Home Run Seasons
2
Who Needs Fielders?
3
Criteria MLB: Left Handed Sluggers
4
MLB Players with Two .350 Batting Average Seasons
5
Who Hit More Homers?
6
2020 F1 Drivers Logic Puzzle
7
NBA Teammate Connections
8
Premier League Clubs since 2000 (minefield)
9
MLB Teams by First Game
10
Top 10 NHL Goal Scorers of All Time
Explore More
Trending Topics
Marvel
Kpop
Crossword
NBA
Disney
Harry Potter
Anime
WWE
NFL
Puzzle
Pokémon
The Office
Country
Soccer
Song
hide this ad
More By:
cheffrey
Quiz
Plays
Rating
Category
Featured
Created
NHL Top 100 Career Power Play Goals
17,257
4.66
Sports
Oct 23, 2010
nhl top 60 players since 1967
3,791
4.09
Sports
Mar 7, 2010
NHL powerplay goal leaders 2000-present
3,544
4.19
Sports
Jul 18, 2011
nhl top 200 scorers all time
2,761
4.30
Sports
Feb 1, 2010
NHL - 50 career playoff goals
2,002
4.67
Sports
Jan 6, 2013
Go to Creator's Profile
Score Distribution
Quiz Creator Spotlight
cheffrey
Follow
Send a Message
Quizzes Created
-
Created Quiz Play Count
-
More By This Creator
Popular Quizzes Today
1
Find the 'City' Movie
2
5x2 Blitz: Bands
3
Colored Red Africa Blitz
4
Find the US States - No Outlines Minefield
5
The Countries of the World
6
Find the US States
7
9x9 Crossword: Cartoon Network
8
US States
More Sports Quizzes
Home Run Leaders by Year (Since 1970)
Quiz Lab
Trending Quizzes
Colored Red Africa Blitz II
Colored Red Europe Blitz I
Colored Red Africa Blitz III
Colored Red Europe Blitz II
Colored Red Europe Blitz III
Recently Updated
Champions League XIs: Real Madrid
pecheneg
Largest US Cities 1790-2010
pecheneg
Rides in Walt Disney World
pecheneg
Most Oscar Losses (Acting)
pecheneg
Beyoncé Albums
pecheneg
Leaping Animals
pecheneg
Reality TV Shows (A-Z)
bhenderson79
Rickey Henderson's Hall of Fame Teammates
pecheneg
Champions League XIs: Arsenal
pecheneg
Quick Pick: Celebrities in WWE's Hall of Fame
aduchscher
Trending Topics
NBA
Harry Potter
Marvel
Kpop
Crossword
Disney
Anime
Pokémon
NFL
Song
Country
WWE
Puzzle
The Office
Soccer
Your Account Isn't Verified!
In order to create a playlist on Sporcle, you need to verify the email address you used during registration. Go to your
Sporcle Settings
to finish the process.
Report this User
Report this user for behavior that violates our
Community Guidelines
.
Details:
Send Report
Go to the Sporcle.com Mobile Site →
Comments